All Countries by Area - Sort each group of 6 according to size - Statistics

General Stats
  • This quiz has been taken 1,737 times
  • The average score is 8 of 33
Answer Stats
COUNTRY ANSWER % Correct
F. Antigua and Barbuda CEABDF
90%
F. Bahamas CAEDBF
65%
F. Belize DBEFAC
49%
F. Croatia ABEFDC
44%
F. Brazil FCEADB
42%
F. Chile BEFDAC
36%
F. El Salvador EDBFCA
32%
F. Kiribati DEBCAF
31%
F. Italy ABCFDE
30%
F. Cambodia DCFBEA
30%
F. Germany BFACED
27%
F. Djibouti DACEFB
27%
F. Fiji DBCAFE
25%
F. Venezuela AFCBDE
21%
F. Rwanda ECDAFB
20%
F. Luxembourg CBEAFD
18%
F. Moldova ECFDAB
18%
F. Namibia BFEDCA
17%
F. Mali FBDCAE
17%
F. Niger FDBECA
15%
F. Palau AECDBF
14%
F. Singapore ABCEFD
13%
D. Zimbabwe CBDA
13%
F. Guinea-Bissau EABDFC
13%
F. India FACEDB
11%
F. Turkey FAEBDC
11%
F. Lebanon DCEBAF
10%
F. United Kingdom DAFCEB
9%
F. South Korea EDFACB
8%
F. Poland DBCEFA
7%
F. São Tomé and Príncipe DFBCAE
6%
F. Tanzania FACEBD
6%
F. Swaziland DABECF
3%
No matching quizzes found
Score Distribution
Percent of People with Each Score
Percentile by Number Answered
Your Score History
You have not taken this quiz